| 000 | 00388nam a2200157Ia 4500 | ||
|---|---|---|---|
| 008 | 151213s9999 xx 000 0 und d | ||
| 100 | _aMd.Altaf Hossain | ||
| 245 |
_aEasement Act _cMd.Altaf Hossain |
||
| 250 | _a1st | ||
| 260 |
_aDhaka _bBangladesh Law Book Company _c2002 |
||
| 300 | _a3300 p. | ||
| 650 | _aLaw | ||
| 650 | _aLaw | ||
| 700 | _aMd.Altaf Hossain | ||
| 999 |
_c2251 _d2251 |
||